[Event "2016 African Junior  Chess Championships - Girls"]
[Site "Hammamet, Tunisia"]
[Date "2016.11.26"]
[Round "1"]
[Board "1"]
[White "Guenadez, Amina"]
[Black "Mrizek, Asma"]
[Result "1-0"]
[WhiteElo "1698"]
[BlackElo "1419"]
[PlyCount "73"]
[EventDate "2016.11.26"]
[EventRounds "9"]
[EventCountry "TUN"]

1. d4 d5 2. Bf4 Nc6 3. e3 Nf6 4. Nf3 e6 5. Be2 Be7 6. O-O Nh5 7. Ne5 Nxf4 8.
exf4 Bd7 9. c3 Bf6 10. Nd2 O-O 11. Ndf3 h6 12. Rc1 a6 13. Bd3 b5 14. Bb1 g6 15.
Qd3 Nxe5 16. Nxe5 Bxe5 17. fxe5 Rc8 18. f4 c5 19. Qg3 Kg7 20. dxc5 Rxc5 21. h4
h5 22. f5 exf5 23. Bxf5 Be6 24. Bc2 Rc4 25. Rf4 Rxf4 26. Qxf4 Qe7 27. Rf1 Rc8
28. Bd3 Rd8 29. Qd4 Qc7 30. Rf6 Rc8 31. Bxg6 fxg6 32. Rxe6 a5 33. Rd6 Rd8 34.
e6+ Kf8 35. Qf6+ Ke8 36. Rxd8+ Qxd8 37. Qf7#  1-0

[Event "2016 African Junior  Chess Championships - Girls"]
[Site "Hammamet, Tunisia"]
[Date "2016.11.26"]
[Round "1"]
[Board "2"]
[White "Miladi, Amen"]
[Black "Ben Said, Nourhene"]
[Result "1-0"]
[WhiteElo "1432"]
[BlackElo "1260"]
[PlyCount "80"]
[EventDate "2016.11.26"]
[EventRounds "9"]
[EventCountry "TUN"]

1. e4 c5 2. Nf3 d6 3. d4 cxd4 4. Qxd4 Nc6 5. Bb5 Bd7 6. Bxc6 Bxc6 7. Nc3 Nf6 8.
Bg5 e5 9. Qd3 Be7 10. O-O-O O-O 11. h4 h5 12. Nd2 a6 13. Nc4 Qc7 14. Bxf6 Bxf6
15. Qxd6 Qxd6 16. Rxd6 Be7 17. Rd3 f6 18. Rhh3 Rac8 19. Nb6 Rce8 20. Nbd5 Bd8
21. Rd2 f5 22. Rhd3 fxe4 23. Nxe4 Bxd5 24. Rxd5 Be7 25. g3 Rb8 26. Rxe5 Bd8 27.
Rxh5 Re8 28. Nc3 Bb6 29. Rf5 Re1+ 30. Rd1 Re6 31. Nd5 Ba7 32. Nf4 Re7 33. Ng6
Re2 34. f3 Be3+ 35. Kb1 Kh7 36. Ne7 Rd8 37. Rfd5 Rxd5 38. Nxd5 Bf2 39. Nc3 Re3
40. Ne4 Rxf3  1-0

[Event "2016 African Junior  Chess Championships - Girls"]
[Site "Hammamet, Tunisia"]
[Date "2016.11.27"]
[Round "2"]
[Board "2"]
[White "Ben Said, Nourhene"]
[Black "Mabrouk, Syrine"]
[Result "1/2-1/2"]
[WhiteElo "1260"]
[BlackElo "1440"]
[PlyCount "88"]
[EventDate "2016.11.26"]
[EventRounds "9"]
[EventCountry "TUN"]

1. e4 c5 2. Nf3 a6 3. d4 cxd4 4. Nxd4 e5 5. Nf3 Nf6 6. Bc4 Nc6 7. Nc3 Bb4 8.
Bd2 d6 9. Nd5 Bxd2+ 10. Nxd2 Be6 11. Nxf6+ Qxf6 12. Bxe6 Qxe6 13. O-O O-O 14.
f4 f5 15. exf5 Rxf5 16. Qe2 Qg6 17. Qc4+ Qf7 18. Qxf7+ Rxf7 19. fxe5 dxe5 20.
Nc4 Rxf1+ 21. Rxf1 Rf8 22. Re1 Re8 23. Nd6 Re7 24. c3 Rd7 25. Ne4 b6 26. Re3
Rd1+ 27. Kf2 Rb1 28. b4 Rb2+ 29. Re2 Rxe2+ 30. Kxe2 Kf7 31. a4 h6 32. b5 axb5
33. axb5 Nb8 34. Kd3 Ke6 35. c4 Nd7 36. Kc3 Nc5 37. Nf2 h5 38. h4 Kf7 39. g3 g6
40. Kd2 Nb3+ 41. Kc3 Nc5 42. Kd2 Nb3+ 43. Kc3 Nc5 44. Kd2 Nb3+  1/2-1/2

[Event "2016 African Junior  Chess Championships - Girls"]
[Site "Hammamet, Tunisia"]
[Date "2016.11.27"]
[Round "2"]
[Board "3"]
[White "Mrizek, Asma"]
[Black "Miladi, Amen"]
[Result "1/2-1/2"]
[WhiteElo "1419"]
[BlackElo "1432"]
[PlyCount "65"]
[EventDate "2016.11.26"]
[EventRounds "9"]
[EventCountry "TUN"]

1. e4 c5 2. Nf3 e6 3. c3 d5 4. Qc2 Nf6 5. d3 Qc7 6. Bg5 Nbd7 7. Nbd2 Be7 8. Bh4
O-O 9. Bg3 Qd8 10. h3 b5 11. e5 Ne8 12. d4 c4 13. Be2 a5 14. a3 Qb6 15. O-O Nc7
16. b3 Ba6 17. b4 Ra7 18. Ra2 Rfa8 19. Rfa1 axb4 20. axb4 Bb7 21. Nf1 Bc6 22.
Ne3 Ra4 23. Qb2 Qa6 24. Rxa4 bxa4 25. Nc2 Nb5 26. Na3 Nb8 27. Ne1 Bd7 28. Bf4
Nc6 29. Bd2 Nxa3 30. Rxa3 Na7 31. Nc2 Nb5 32. Ra2 a3 33. Qa1  1/2-1/2

[Event "2016 African Junior  Chess Championships - Girls"]
[Site "Hammamet, Tunisia"]
[Date "2016.11.27"]
[Round "2"]
[Board "4"]
[White "Caxita, Esperanca"]
[Black "Guenadez, Amina"]
[Result "1-0"]
[WhiteElo "1831"]
[BlackElo "1698"]
[PlyCount "52"]
[EventDate "2016.11.26"]
[EventRounds "9"]
[EventCountry "TUN"]

1. e4 c5 2. Nf3 e6 3. d4 cxd4 4. Nxd4 a6 5. Nc3 Qc7 6. Bd3 Bb4 7. Bd2 Nc6 8.
Nxc6 dxc6 9. Qg4 f6 10. O-O e5 11. Qh5+ g6 12. Qh4 Be7 13. Qg3 Be6 14. Kh1
O-O-O 15. Be3 f5 16. f4 Bd6 17. Qf2 Rf8 18. Bc5 Ne7 19. Rad1 Bxc5 20. Qxc5 exf4
21. Rfe1 fxe4 22. Rxe4 f3 23. Rxe6 fxg2+ 24. Kg1 Nf5 25. Bxa6 Nh4 26. Rxc6 Nf3+
 1-0

[Event "2016 African Junior  Chess Championships - Girls"]
[Site "Hammamet, Tunisia"]
[Date "2016.11.27"]
[Round "3"]
[Board "1"]
[White "Miladi, Amen"]
[Black "Caxita, Esperanca"]
[Result "1/2-1/2"]
[WhiteElo "1432"]
[BlackElo "1831"]
[PlyCount "94"]
[EventDate "2016.11.26"]
[EventRounds "9"]
[EventCountry "TUN"]

1. e4 e5 2. Nf3 d6 3. d4 exd4 4. Qxd4 Nc6 5. Bb5 Bd7 6. Bxc6 Bxc6 7. Nc3 Nf6 8.
Bg5 Be7 9. O-O-O O-O 10. Rhe1 h6 11. Bf4 Nd7 12. Qd2 Bf6 13. Nd4 Ne5 14. Kb1
Kh7 15. h3 Bd7 16. Bh2 b5 17. f4 Ng6 18. g4 b4 19. Nd5 Bxd4 20. Qxd4 c5 21. Qd2
Rb8 22. Ne3 Rb6 23. f5 Nh4 24. Rf1 Bb5 25. Rf2 Re8 26. Bxd6 Rxe4 27. Bxc5 Qxd2
28. Rfxd2 Nf3 29. Rf2 Rc6 30. Bxa7 Rc7 31. Bb6 Rb7 32. Nd5 Be2 33. Rc1 Re5 34.
Be3 Rxd5 35. Rxe2 Re5 36. Rf1 Nd4 37. Ree1 Nc6 38. Bf4 Ra5 39. Bd2 Rba7 40. a3
R5a6 41. Re3 bxa3 42. Rxa3 Rxa3 43. bxa3 Rxa3 44. c3 Na5 45. Rf4 Rb3+ 46. Kc2
Rb7 47. Rb4 Rc7  1/2-1/2

[Event "2016 African Junior  Chess Championships - Girls"]
[Site "Hammamet, Tunisia"]
[Date "2016.11.27"]
[Round "3"]
[Board "2"]
[White "Mabrouk, Syrine"]
[Black "Mrizek, Asma"]
[Result "1-0"]
[WhiteElo "1440"]
[BlackElo "1419"]
[PlyCount "25"]
[EventDate "2016.11.26"]
[EventRounds "9"]
[EventCountry "TUN"]

1. e4 e5 2. d4 exd4 3. Nf3 d6 4. Nxd4 Nf6 5. Nc3 Be6 6. Bg5 h6 7. Bh4 Bg4 8.
Bxf6 Qxf6 9. Qxg4 Qxd4 10. Qc8+ Ke7 11. Qxb7 Qb6 12. Nd5+ Ke6 13. Nxb6  1-0

[Event "2016 African Junior  Chess Championships - Girls"]
[Site "Hammamet, Tunisia"]
[Date "2016.11.27"]
[Round "3"]
[Board "3"]
[White "Bel Haj Amor, Arwa"]
[Black "Ben Said, Nourhene"]
[Result "1-0"]
[WhiteElo "1056"]
[BlackElo "1260"]
[PlyCount "73"]
[EventDate "2016.11.26"]
[EventRounds "9"]
[EventCountry "TUN"]

1. e4 c5 2. Nf3 d6 3. d4 cxd4 4. Nxd4 Nf6 5. Nc3 g6 6. Be3 Bg7 7. f3 O-O 8. Qd2
Nbd7 9. Bc4 Ne5 10. Bb3 a6 11. O-O-O b5 12. a3 Rb8 13. f4 Nc4 14. Bxc4 bxc4 15.
Nc6 Qc7 16. Nxb8 Qxb8 17. Bd4 Qb7 18. Rde1 e5 19. fxe5 Ng4 20. exd6 Bh6 21. Be3
Nxe3 22. Rxe3 Bxe3 23. Qxe3 Bd7 24. Qd4 Rb8 25. Nb1 c3 26. Qxc3 Qxe4 27. Rg1
Qf4+ 28. Qd2 Qxh2 29. Re1 Rb6 30. Rd1 Qe5 31. Nc3 Qf6 32. Qd4 Qg5+ 33. Rd2 Rb7
34. Ne4 Qh6 35. Nf6+ Kf8 36. Nxd7+ Rxd7 37. Qh8#  1-0

[Event "2016 African Junior  Chess Championships - Girls"]
[Site "Hammamet, Tunisia"]
[Date "2016.11.28"]
[Round "4"]
[Board "1"]
[White "Ben Said, Nourhene"]
[Black "Domingos, Maria M"]
[Result "0-1"]
[WhiteElo "1260"]
[BlackElo "1704"]
[PlyCount "57"]
[EventDate "2016.11.26"]
[EventRounds "9"]
[EventCountry "TUN"]

1. e4 e5 2. Nf3 Nf6 3. Nxe5 d6 4. Nf3 Nxe4 5. Nc3 d5 6. Qe2 Be7 7. Nxe4 dxe4 8.
Qxe4 O-O 9. d4 Bb4+ 10. Kd1 Re8 11. Qd3 Qf6 12. Bd2 Bf5 13. Qc4 Bxd2 14. Kxd2
Nc6 15. Bd3 Rad8 16. Bxf5 Qxf5 17. Rae1 Qf4+ 18. Re3 Nxd4 19. Kc3 Rxe3+ 20.
fxe3 Qxe3+ 21. Kb4 Nxf3 22. Qxc7 Qd2+ 23. c3 Qxb2+ 24. Ka4 Qxa2+ 25. Kb5 Qd5+
26. Qc5 a6+ 27. Kb4 Ne5 28. Qxd5 Rxd5 29. Re1  0-1

[Event "2016 African Junior  Chess Championships - Girls"]
[Site "Hammamet, Tunisia"]
[Date "2016.11.28"]
[Round "4"]
[Board "2"]
[White "Mrizek, Asma"]
[Black "Bel Haj Amor, Arwa"]
[Result "1/2-1/2"]
[WhiteElo "1419"]
[BlackElo "1056"]
[PlyCount "31"]
[EventDate "2016.11.26"]
[EventRounds "9"]
[EventCountry "TUN"]

1. e4 c5 2. Nf3 d6 3. c3 Nf6 4. Be2 Nbd7 5. d3 e6 6. Bf4 Be7 7. O-O O-O 8. e5
Nh5 9. exd6 Nxf4 10. dxe7 Nxe2+ 11. Qxe2 Qxe7 12. d4 cxd4 13. Nxd4 Nf6 14. Nf5
Qc5 15. Nd4 b6 16. Re1  1/2-1/2

[Event "2016 African Junior  Chess Championships - Girls"]
[Site "Hammamet, Tunisia"]
[Date "2016.11.28"]
[Round "4"]
[Board "3"]
[White "Caxita, Esperanca"]
[Black "Mabrouk, Syrine"]
[Result "1-0"]
[WhiteElo "1831"]
[BlackElo "1440"]
[PlyCount "87"]
[EventDate "2016.11.26"]
[EventRounds "9"]
[EventCountry "TUN"]

1. e4 c5 2. Nf3 a6 3. d4 cxd4 4. Nxd4 Nf6 5. Nc3 e5 6. Nf3 Bb4 7. Bc4 d6 8. O-O
O-O 9. Qd3 Be6 10. Bxe6 fxe6 11. Qc4 Bxc3 12. Qxe6+ Kh8 13. bxc3 Nxe4 14. Qd5
Nxc3 15. Qxb7 Nd7 16. Be3 d5 17. Ng5 Qe7 18. Rfe1 h6 19. Nf3 Qd6 20. Qb2 d4 21.
Bd2 Rab8 22. Qc1 e4 23. Bxc3 exf3 24. Bd2 Qg6 25. g3 Rf7 26. Rb1 Rxb1 27. Qxb1
Qf5 28. Re8+ Kh7 29. Ra8 Qe6 30. c3+ g6 31. cxd4 Qc6 32. Ra7 Qf6 33. Be3 Qe6
34. Qb3 Qf5 35. Rxa6 Rf8 36. Qd1 h5 37. Ra4 Rb8 38. Rc4 Rb1 39. Rc1 Rb2 40. Rc7
Rb1 41. Bc1 h4 42. Qd2 Qh3 43. Qh6+ Kg8 44. Qxg6+  1-0

[Event "2016 African Junior  Chess Championships - Girls"]
[Site "Hammamet, Tunisia"]
[Date "2016.11.28"]
[Round "4"]
[Board "4"]
[White "Guenadez, Amina"]
[Black "Miladi, Amen"]
[Result "0-1"]
[WhiteElo "1698"]
[BlackElo "1432"]
[PlyCount "68"]
[EventDate "2016.11.26"]
[EventRounds "9"]
[EventCountry "TUN"]

1. d4 Nf6 2. c4 g6 3. Nc3 Bg7 4. e4 d6 5. Nge2 O-O 6. Ng3 Nbd7 7. Be2 e5 8. d5
a5 9. Bg5 Nc5 10. Qd2 Re8 11. h4 h5 12. b3 Bd7 13. f3 Kh7 14. Nf1 Bf8 15. g4
Be7 16. Ng3 hxg4 17. Bxf6 Bxf6 18. h5 Rh8 19. hxg6+ Kxg6 20. Rxh8 Qxh8 21. Qe3
Bg5 22. Qg1 Qh6 23. Nf5 Qh3 24. Qf2 Qh1+ 25. Qf1 Rh8 26. fxg4 Qxf1+ 27. Bxf1
Rh2 28. Be2 Rh1+ 29. Bf1 Nd3+ 30. Ke2 Rh2+ 31. Kf3 Rf2+ 32. Kg3 Bf4+ 33. Kh4
Rh2+ 34. Bh3 Nf2  0-1

[Event "2016 African Junior  Chess Championships - Girls"]
[Site "Hammamet, Tunisia"]
[Date "2016.11.30"]
[Round "5"]
[Board "1"]
[White "Mabrouk, Syrine"]
[Black "Guenadez, Amina"]
[Result "1-0"]
[WhiteElo "1440"]
[BlackElo "1698"]
[PlyCount "29"]
[EventDate "2016.11.26"]
[EventRounds "9"]
[EventCountry "TUN"]

1. e4 c5 2. d4 cxd4 3. c3 dxc3 4. Nxc3 e6 5. Nf3 Nc6 6. Bc4 d6 7. O-O Nf6 8.
Qe2 a6 9. a4 Be7 10. Rd1 e5 11. h3 O-O 12. b4 Qc7 13. b5 Na5 14. Nd5 Nxc4 15.
Nxc7  1-0

[Event "2016 African Junior  Chess Championships - Girls"]
[Site "Hammamet, Tunisia"]
[Date "2016.11.30"]
[Round "5"]
[Board "2"]
[White "Bel Haj Amor, Arwa"]
[Black "Caxita, Esperanca"]
[Result "0-1"]
[WhiteElo "1056"]
[BlackElo "1831"]
[PlyCount "70"]
[EventDate "2016.11.26"]
[EventRounds "9"]
[EventCountry "TUN"]

1. e4 e5 2. Nf3 d6 3. d4 Nf6 4. Nc3 Nbd7 5. Be2 Be7 6. O-O O-O 7. Re1 Re8 8. h3
Bf8 9. Bd3 c6 10. Be3 Qc7 11. dxe5 dxe5 12. Qd2 Rd8 13. Rad1 Nc5 14. Qc1 Nxd3
15. Rxd3 Be6 16. a3 a6 17. Red1 Rxd3 18. Rxd3 Nd7 19. Ng5 Bc4 20. Rd1 h6 21.
Nf3 Be6 22. Ne2 Nc5 23. Ng3 f6 24. Nh4 Qf7 25. f3 a5 26. Nhf5 Qg6 27. Kh2 b5
28. Nd6 Nd7 29. Ndf5 Kh7 30. Nh4 Qe8 31. Ngf5 g5 32. Nd6 Bxd6 33. Rxd6 gxh4 34.
Bxh6 Nb6 35. Be3 Nc4  0-1

[Event "2016 African Junior  Chess Championships - Girls"]
[Site "Hammamet, Tunisia"]
[Date "2016.11.30"]
[Round "5"]
[Board "3"]
[White "Domingos, Maria M"]
[Black "Mrizek, Asma"]
[Result "1-0"]
[WhiteElo "1704"]
[BlackElo "1419"]
[PlyCount "77"]
[EventDate "2016.11.26"]
[EventRounds "9"]
[EventCountry "TUN"]

1. e4 e5 2. Nf3 Nf6 3. Nc3 Nc6 4. Bc4 h6 5. a3 a6 6. d3 Bc5 7. h3 d6 8. Ne2 O-O
9. c3 Bd7 10. O-O Re8 11. Ng3 Be6 12. Ba2 d5 13. exd5 Bxd5 14. Bb1 Bd6 15. Re1
Nd7 16. Qc2 Bxf3 17. gxf3 Nf6 18. Kh2 Qd7 19. Rg1 h5 20. Bg5 Nh7 21. Ne4 Qf5
22. Qd1 Nxg5 23. Rxg5 Qf4+ 24. Kh1 g6 25. Bc2 Kg7 26. Qe2 f5 27. Nxd6 Qxg5 28.
Nxe8+ Rxe8 29. Rg1 Qh4 30. Rg2 Qf4 31. Bd1 Nd8 32. Qc2 Nf7 33. Qb3 b6 34. Qd5
Rd8 35. Qc6 Rd6 36. Qxc7 Rxd3 37. Bb3 Rxf3 38. Qxf7+ Kh8 39. Qg8#  1-0

[Event "2016 African Junior  Chess Championships - Girls"]
[Site "Hammamet, Tunisia"]
[Date "2016.12.01"]
[Round "6"]
[Board "2"]
[White "Caxita, Esperanca"]
[Black "Domingos, Maria M"]
[Result "1/2-1/2"]
[WhiteElo "1831"]
[BlackElo "1704"]
[PlyCount "103"]
[EventDate "2016.11.26"]
[EventRounds "9"]
[EventCountry "TUN"]

1. e4 e5 2. Nf3 Nf6 3. Nc3 Nc6 4. Bb5 d6 5. d4 exd4 6. Qxd4 Bd7 7. Bxc6 bxc6 8.
O-O Be7 9. e5 dxe5 10. Nxe5 c5 11. Qd3 O-O 12. Rd1 Bd6 13. Nc4 Be7 14. Qg3 Qc8
15. Bg5 h6 16. Bxh6 Nh5 17. Qe5 Bf6 18. Qxh5 Bg4 19. Qxc5 Bxd1 20. Bxg7 Bxg7
21. Nd5 Qe6 22. Rxd1 Rad8 23. h3 Rfe8 24. Qe3 Qxe3 25. Ndxe3 Kf8 26. Rb1 Bd4
27. c3 Bxe3 28. Nxe3 Rd2 29. Kf1 Rb8 30. Nc4 Rc2 31. Re1 Re8 32. h4 Rxe1+ 33.
Kxe1 Rc1+ 34. Ke2 Kg7 35. g4 Rh1 36. h5 f6 37. Ke3 f5 38. f3 fxg4 39. fxg4 Kf6
40. a4 Kg5 41. Ne5 Ra1 42. b3 Ra3 43. Nf3+ Kh6 44. Nd2 Ra1 45. Kf4 Rd1 46. Ne4
Rf1+ 47. Ke5 Rg1 48. Kf5 Rf1+ 49. Ke6 Rg1 50. Kf5 Rf1+ 51. Ke5 Rg1 52. Kf4
 1/2-1/2

[Event "2016 African Junior  Chess Championships - Girls"]
[Site "Hammamet, Tunisia"]
[Date "2016.12.01"]
[Round "6"]
[Board "3"]
[White "Guenadez, Amina"]
[Black "Bel Haj Amor, Arwa"]
[Result "1-0"]
[WhiteElo "1698"]
[BlackElo "1056"]
[PlyCount "43"]
[EventDate "2016.11.26"]
[EventRounds "9"]
[EventCountry "TUN"]

1. d4 d5 2. Bf4 e6 3. e3 Nf6 4. Nf3 Be7 5. c4 c6 6. Bd3 Nbd7 7. h3 b6 8. O-O
Bb7 9. Nc3 O-O 10. Rc1 Rc8 11. Qe2 Re8 12. Rc2 h6 13. Rfc1 dxc4 14. Bxc4 c5 15.
Ba6 Bxa6 16. Qxa6 Ra8 17. Qe2 cxd4 18. Nxd4 Nc5 19. b4 Na6 20. Qxa6 Bd6 21.
Bxd6 Qxd6 22. Ncb5  1-0

[Event "2016 African Junior  Chess Championships - Girls"]
[Site "Hammamet, Tunisia"]
[Date "2016.12.01"]
[Round "6"]
[Board "4"]
[White "Miladi, Amen"]
[Black "Mabrouk, Syrine"]
[Result "1-0"]
[WhiteElo "1432"]
[BlackElo "1440"]
[PlyCount "63"]
[EventDate "2016.11.26"]
[EventRounds "9"]
[EventCountry "TUN"]

1. e4 c5 2. Nf3 a6 3. d4 cxd4 4. Nxd4 e5 5. Nf3 Nf6 6. Bg5 Qb6 7. Bxf6 Qxf6 8.
Nc3 Bb4 9. Qd2 d6 10. a3 Bxc3 11. Qxc3 Nc6 12. Be2 O-O 13. O-O Bg4 14. Rfe1
Rac8 15. Qd2 Bxf3 16. Bxf3 Nd4 17. Bd1 Qe6 18. Re3 Rfd8 19. Rd3 f5 20. f3 f4
21. c3 Nc6 22. Bc2 Ne7 23. Rd1 Rc6 24. c4 Kh8 25. Bb3 Qh6 26. Qa5 Rdc8 27. Ba4
b6 28. Qxa6 Rxc4 29. Rxd6 Qg5 30. Rd8+ Rxd8 31. Rxd8+ Ng8 32. Qa8  1-0

[Event "2016 African Junior  Chess Championships - Girls"]
[Site "Hammamet, Tunisia"]
[Date "2016.12.01"]
[Round "7"]
[Board "1"]
[White "Bel Haj Amor, Arwa"]
[Black "Miladi, Amen"]
[Result "0-1"]
[WhiteElo "1056"]
[BlackElo "1432"]
[PlyCount "22"]
[EventDate "2016.11.26"]
[EventRounds "9"]
[EventCountry "TUN"]

1. e4 c5 2. Nf3 e6 3. Nc3 a6 4. a4 d5 5. exd5 exd5 6. d4 Nf6 7. Bg5 Nc6 8. dxc5
Bxc5 9. Ne2 Qb6 10. Bxf6 Bxf2+ 11. Kd2 Qe3#  0-1

[Event "2016 African Junior  Chess Championships - Girls"]
[Site "Hammamet, Tunisia"]
[Date "2016.12.01"]
[Round "7"]
[Board "2"]
[White "Domingos, Maria M"]
[Black "Guenadez, Amina"]
[Result "1-0"]
[WhiteElo "1704"]
[BlackElo "1698"]
[PlyCount "63"]
[EventDate "2016.11.26"]
[EventRounds "9"]
[EventCountry "TUN"]

1. e4 c5 2. Nf3 e6 3. c3 Nc6 4. Be2 d5 5. exd5 exd5 6. d4 cxd4 7. Nxd4 Nxd4 8.
Qxd4 Nf6 9. O-O Be7 10. Nd2 O-O 11. Nf3 b6 12. Qd1 Qc7 13. Nd4 Bb7 14. Re1 a6
15. Be3 Bd6 16. g3 Rfe8 17. Bd3 h6 18. Qf3 Ne4 19. Re2 Bc8 20. Rae1 Nf6 21. Bf5
Bb7 22. Bd3 Bc8 23. Bf5 Bb7 24. Bh3 Ne4 25. a3 Ng5 26. Bxg5 Rxe2 27. Rxe2 hxg5
28. Qh5 Be7 29. Bf5 g6 30. Bxg6 fxg6 31. Qxg6+ Kf8 32. Ne6#  1-0

[Event "2016 African Junior  Chess Championships - Girls"]
[Site "Hammamet, Tunisia"]
[Date "2016.12.01"]
[Round "7"]
[Board "4"]
[White "Ben Said, Nourhene"]
[Black "Mrizek, Asma"]
[Result "1-0"]
[WhiteElo "1260"]
[BlackElo "1419"]
[PlyCount "71"]
[EventDate "2016.11.26"]
[EventRounds "9"]
[EventCountry "TUN"]

1. e4 e5 2. Nf3 Nf6 3. Nxe5 d6 4. Nf3 Nxe4 5. Nc3 Nf6 6. d4 d5 7. Be3 Be6 8.
Qd2 a6 9. O-O-O Nc6 10. Re1 Qd7 11. Bg5 Be7 12. Bxf6 Bxf6 13. g3 h6 14. Bg2
O-O-O 15. Na4 Be7 16. a3 Na7 17. Nc3 Rhe8 18. Ne5 Qd6 19. Na4 Bf6 20. Nc5 Bxe5
21. Rxe5 Nc6 22. Re3 a5 23. Nxe6 Rxe6 24. Bh3 Kb8 25. Bxe6 fxe6 26. Rhe1 Re8
27. Qc3 Qd7 28. Qc5 b6 29. Qb5 Kb7 30. b4 axb4 31. axb4 Ra8 32. Rxe6 Ra1+ 33.
Kb2 Rxe1 34. Rxe1 Kc8 35. Qa6+ Kb8 36. Ra1  1-0

[Event "2016 African Junior  Chess Championships - Girls"]
[Site "Hammamet, Tunisia"]
[Date "2016.12.02"]
[Round "8"]
[Board "1"]
[White "Caxita, Esperanca"]
[Black "Ben Said, Nourhene"]
[Result "1-0"]
[WhiteElo "1831"]
[BlackElo "1260"]
[PlyCount "87"]
[EventDate "2016.11.26"]
[EventRounds "9"]
[EventCountry "TUN"]

1. e4 c5 2. Nf3 d6 3. d4 cxd4 4. Nxd4 Nf6 5. Nc3 g6 6. Bc4 Bg7 7. Be3 O-O 8.
Qd2 Nc6 9. O-O-O Bd7 10. f3 a6 11. g4 Rc8 12. Be2 Ne5 13. h4 h5 14. gxh5 Nxh5
15. Bh6 Qc7 16. Bxg7 Kxg7 17. Rhg1 Nc4 18. Bxc4 Qxc4 19. Qg5 Nf6 20. h5 Qc5 21.
hxg6 Qxg5+ 22. Rxg5 fxg6 23. Rdg1 Rg8 24. Rxg6+ Kf7 25. Rxg8 Rxg8 26. Rd1 Rg2
27. Nde2 b5 28. a3 Rf2 29. Rd3 Bh3 30. Kd2 Bg2 31. f4 Nxe4+ 32. Ke3 Rf3+ 33.
Kxe4 d5+ 34. Kd4 Rf1 35. Nxd5 Rb1 36. b4 Bf1 37. Re3 Rd1+ 38. Kc5 Rd2 39. Rxe7+
Kg6 40. Nd4 Rh2 41. Re6+ Kh7 42. Rxa6 Rh5 43. f5 Bg2 44. Nf6+  1-0

[Event "2016 African Junior  Chess Championships - Girls"]
[Site "Hammamet, Tunisia"]
[Date "2016.12.02"]
[Round "8"]
[Board "3"]
[White "Miladi, Amen"]
[Black "Domingos, Maria M"]
[Result "0-1"]
[WhiteElo "1432"]
[BlackElo "1704"]
[PlyCount "60"]
[EventDate "2016.11.26"]
[EventRounds "9"]
[EventCountry "TUN"]

1. e4 e5 2. Nf3 Nf6 3. Nxe5 d6 4. Nf3 Nxe4 5. Nc3 Nxc3 6. dxc3 Be7 7. Bd3 Be6
8. O-O Nd7 9. Bf4 O-O 10. Nd4 Nc5 11. Be2 Bd7 12. Re1 Bf6 13. Qd2 Ne6 14. Bg3
Qc8 15. Rad1 Re8 16. Bc4 a6 17. Bd5 Rb8 18. Qd3 Nc5 19. Qc4 Be6 20. Bxe6 fxe6
21. b4 b5 22. Qe2 Na4 23. Qf3 Qd7 24. Rd2 e5 25. Nc6 Rbc8 26. h3 e4 27. Rxe4
Qxc6 28. Rxe8+ Qxe8 29. Re2 Qf7 30. Qg4 Re8  0-1

[Event "2016 African Junior  Chess Championships - Girls"]
[Site "Hammamet, Tunisia"]
[Date "2016.12.02"]
[Round "8"]
[Board "4"]
[White "Mabrouk, Syrine"]
[Black "Bel Haj Amor, Arwa"]
[Result "1/2-1/2"]
[WhiteElo "1440"]
[BlackElo "1056"]
[PlyCount "50"]
[EventDate "2016.11.26"]
[EventRounds "9"]
[EventCountry "TUN"]

1. e4 c5 2. d4 cxd4 3. c3 dxc3 4. Nxc3 Nc6 5. Nf3 d6 6. Bc4 e6 7. O-O Nf6 8.
Qe2 Be7 9. Rd1 Nd7 10. Bf4 Nb6 11. Nb5 Nxc4 12. Qxc4 O-O 13. Bxd6 Bxd6 14. Nxd6
Qe7 15. Rac1 Rd8 16. Qc5 a6 17. e5 Na7 18. Qb6 Nc6 19. b4 Rd7 20. Nd4 Qd8 21.
Qc5 Nxd4 22. Rxd4 Qf8 23. Rdc4 Rd8 24. Nxc8 Qxc5 25. Rxc5 h6  1/2-1/2

[Event "2016 African Junior  Chess Championships - Girls"]
[Site "Hammamet, Tunisia"]
[Date "2016.12.03"]
[Round "9"]
[Board "1"]
[White "Domingos, Maria M"]
[Black "Mabrouk, Syrine"]
[Result "0-1"]
[WhiteElo "1704"]
[BlackElo "1440"]
[PlyCount "58"]
[EventDate "2016.11.26"]
[EventRounds "9"]
[EventCountry "TUN"]

1. e4 c5 2. Nf3 a6 3. Be2 e6 4. c3 d5 5. exd5 Qxd5 6. d4 Nc6 7. c4 Qd7 8. d5
exd5 9. cxd5 Nb4 10. Nc3 Nf6 11. O-O Nbxd5 12. Re1 Be7 13. Nxd5 Qxd5 14. Qc2
Bf5 15. Qc3 Be6 16. Bg5 b5 17. Qa5 O-O 18. b3 h6 19. Rad1 Qb7 20. Be3 Nd5 21.
Qd2 Rad8 22. Ne5 Qc7 23. Nf3 Bf6 24. Qc1 Nc3 25. Rxd8 Rxd8 26. Bf4 Qc8 27. Be5
Bxe5 28. Nxe5 Nxa2 29. Bf3 Nxc1  0-1

[Event "2016 African Junior  Chess Championships - Girls"]
[Site "Hammamet, Tunisia"]
[Date "2016.12.03"]
[Round "9"]
[Board "3"]
[White "Ben Said, Nourhene"]
[Black "Guenadez, Amina"]
[Result "1/2-1/2"]
[WhiteElo "1260"]
[BlackElo "1698"]
[PlyCount "101"]
[EventDate "2016.11.26"]
[EventRounds "9"]
[EventCountry "TUN"]

1. e4 c5 2. Nf3 e6 3. d4 cxd4 4. Nxd4 a6 5. Nc3 Qc7 6. Be2 Bb4 7. Bd2 Nf6 8.
Bd3 Nc6 9. Nxc6 dxc6 10. a3 Bd6 11. h3 O-O 12. Qe2 b5 13. O-O e5 14. Qf3 Bb7
15. Qg3 Kh8 16. b4 c5 17. Rab1 c4 18. Be2 Nxe4 19. Nxe4 Bxe4 20. Rbc1 Rad8 21.
f4 f6 22. fxe5 Bxe5 23. Bf4 Rfe8 24. Bxe5 Rxe5 25. Bf3 Qb6+ 26. Kh1 Bxf3 27.
Qxf3 Rde8 28. Rf2 Re3 29. Qf5 Qb7 30. Rd1 R3e5 31. Qg4 Re1+ 32. Rf1 R1e4 33.
Qf3 Qe7 34. Rf2 h6 35. Qf5 Re5 36. Qf3 Re3 37. Qc6 Qe6 38. Qxe6 R8xe6 39. Rd8+
Kh7 40. Rfd2 Rxa3 41. Ra8 Ra1+ 42. Kh2 Rc1 43. Ra7 Kg6 44. g4 Kh7 45. Rdd7
Rxc2+ 46. Kg3 Ra2 47. Rxg7+ Kh8 48. Rh7+ Kg8 49. Rhg7+ Kh8 50. Rh7+ Kg8 51.
Rhg7+  1/2-1/2

[Event "2016 African Junior  Chess Championships - Girls"]
[Site "Hammamet, Tunisia"]
[Date "2016.12.03"]
[Round "9"]
[Board "4"]
[White "Mrizek, Asma"]
[Black "Caxita, Esperanca"]
[Result "0-1"]
[WhiteElo "1419"]
[BlackElo "1831"]
[PlyCount "62"]
[EventDate "2016.11.26"]
[EventRounds "9"]
[EventCountry "TUN"]

1. e4 e5 2. Nf3 d6 3. d4 Nf6 4. dxe5 Nxe4 5. exd6 Bxd6 6. Bd3 Nc5 7. O-O O-O 8.
Be3 Bg4 9. Be2 Nbd7 10. h3 Bh5 11. Nbd2 Re8 12. Nc4 Bf8 13. Qd5 Bg6 14. Rac1 c6
15. Qd1 Qc7 16. Qd4 Re4 17. Qc3 b5 18. Bxc5 Nxc5 19. Ne3 Na4 20. Qe1 Nxb2 21.
Rb1 Na4 22. Rb3 Nc5 23. Rb1 Rd8 24. Qc1 Ra4 25. Ra1 Ne4 26. c4 Qa5 27. cxb5 Nc3
28. Re1 Ba3 29. Nc4 Rxc4 30. Qg5 Nxe2+ 31. Rxe2 h6  0-1